Mécanique des matériaux solides
Đã lưu trong:
| Príomhúdar: | |
|---|---|
| Formáid: | Leabhar |
| Teanga: | Undetermined |
| Foilsithe: |
Paris
école des Mines de Paris
2000
|
| Ábhair: | |
| Clibeanna: |
Cuir Clib Leis
Gan Chlibeanna, Bí ar an gcéad duine leis an taifead seo a chlibeáil!
|
| Thư viện lưu trữ: | Trung tâm Học liệu Trường Đại học Cần Thơ |
|---|
| LEADER | 00533nam a2200181Ia 4500 | ||
|---|---|---|---|
| 001 | CTU_43938 | ||
| 008 | 210402s9999 xx 000 0 und d | ||
| 082 | |a 531 | ||
| 082 | |b M486/2000 | ||
| 100 | |a G Cailletaud...[ et al.] | ||
| 245 | 0 | |a Mécanique des matériaux solides | |
| 245 | 0 | |c G Cailletaud...[ et al.] | |
| 260 | |a Paris | ||
| 260 | |b école des Mines de Paris | ||
| 260 | |c 2000 | ||
| 650 | |a solid mechanics | ||
| 904 | |i Nguyễn Quang Điền, 010911 | ||
| 980 | |a Trung tâm Học liệu Trường Đại học Cần Thơ | ||